000 00297nam a22001337a 4500
008 181221b xxu||||| |||| 00| 0 eng d
020 _a0060440740
041 _aeng
080 _a330
100 _a54
101 _aECO
245 _ahUMAN rESOURCE aND Markets
_cLevitan.S.A
942 _2udc
_cBK
999 _c53613
_d53613